La Guerre froide de A à Z - Statistiques

Statistiques générales
  • Ce quiz a été pris 117 fois
  • Le résultat moyen est 11 sur 24
Statistiques - réponses
Hint Réponse % Correct
B Ville allemande symbole de la division Est/Ouest Berlin
96%
C Île de la crise des missiles de 1962 Cuba
94%
L Fondateur de l’URSS Lénine
78%
G Dernier dirigeant important de l’URSS Gorbatchev
73%
A Pays envahi par l’URSS en 1979. Afghanistan
72%
F Dirigeant cubain allié de l’URSS Fidel (Castro)
71%
V Guerre asiatique ayant opposé indirectement USA et URSS Vietnam
69%
T Président américain de la doctrine du “containment” Truman
62%
R Président américain ayant relancé la Guerre froide dans les années 1980 Reagan
61%
Y Conférence de 1945 entre Roosevelt, Churchill et Staline Yalta
61%
S Premier satellite envoyé par l’URSS Spoutnik
59%
N Quel président américain démissionne en pleine guerre froide après un scandale ? Nixon
55%
Z Quel dirigeant chinois lance la Révolution culturelle ? Zedong (Mao)
53%
D Stratégie nucléaire visant à empêcher une attaque Dissuasion
52%
W Quel festival américain devient un symbole de contre-culture anti-guerre ? Woodstock
39%
H Quel accord international signé en 1975 reconnaît les frontières européennes d’après-guerre ? Helsinki
38%
J Doctrine soviétique imposant le contrôle idéologique Jdanov
28%
E Quel dirigeant marxiste révolutionnaire inspire plusieurs mouvements du tiers-monde ? Engels
15%
U Quel avion espion américain est abattu au-dessus de l’URSS en 1960 ? U2
14%
O Doctrine allemande de rapprochement avec l’Europe de l’Est Ostpolitik
9%
K Organisation internationale créée en 1947 pour coordonner les partis communistes Kominform
7%
P Quel terme désigne les guerres indirectes entre USA et URSS ? Proxy
7%
M Chasse aux communistes aux États-Unis McCarthyisme
6%
I Quel nom porte le système antimissile imaginé par Reagan ? IDS
4%
Aucun quiz correspondant
Distribution des résultats
% des personnes avec chaque résultat
Percentile par nombre de réponses
Votre historique - résultats
Vous n’avez pas pris ce quiz